• 首页
  • 本馆介绍
  • 公告通知
  • 最新文献
  • 馆藏检索
  • 电子资源
  • 读者导购
  • 参考咨询
  • 我的图书馆
  • 登录
  • 详细信息显示
  • 放入我的书架
  • 预约/预借图书
  • 作者相关作品
  • 分类相关作品
  • 丛书相关作品
  • 出版社相关作品

书目信息

  • 表格格式
  • 工作单格式
  • 卡片格式
题名:
生命科学基础教程
    
 
作者: 叶创兴 , 周昌清 , 王金发 主编
分册:  
出版信息: 北京   高等教育出版社  2006
页数: 491页
开本: 26cm
丛书名:
单 册:
中图分类: Q1-0 , Q1
科图分类:
主题词: 生命科学--教材 , 普通生物学
电子资源:
ISBN: 7-04-017739-0
000 00983nam0 2200265 450
001 1535865492
005 20150119095804.46
010    @a7-04-017739-0@dCNY36.00
100    @a20060613d2006 em y0chiy50 ea
101 0  @achi
102    @aCN@b110000
105    @aa z 001yy
200 1  @a生命科学基础教程@9sheng ming ke xue ji chu jiao cheng@f叶创兴,周昌清,王金发主编
210    @a北京@c高等教育出版社@d2006
215    @a491页@c图@d26cm
330    @a本书正文部分共5篇13章,在引言部分介绍生物学的概念和方法,包括DNA,能量,能量与生命,能量和生物群,生物类群的分类单位和种等。正文的主要内容涉及细胞生命活动的基本原理,遗传基本原理,进化原理,生物多样性,植物的结构与功能等。
606 0  @a生命科学@j教材
606 0  @a普通生物学
690    @aQ1-0@v5
690    @aQ1@v4
701  0 @a叶创兴@9ye chuang xing@4主编
701  0 @a周昌清@9zhou chang qing@f(1939.9~)@4主编
701  0 @a王金发@9wang jin fa@f(1947~)@4主编
801  0 @aCN@bTSSF@c20150119
905    @aZUCC@dQ1@eJY1
    
    生命科学基础教程/叶创兴,周昌清,王金发主编.-北京:高等教育出版社,2006
    491页:图;26cm
    
    
    ISBN 7-04-017739-0:CNY36.00
    本书正文部分共5篇13章,在引言部分介绍生物学的概念和方法,包括DNA,能量,能量与生命,能量和生物群,生物类群的分类单位和种等。正文的主要内容涉及细胞生命活动的基本原理,遗传基本原理,进化原理,生物多样性,植物的结构与功能等。
●
相关链接 在E读中查询图书 在五车中查询图书 在当当中查询图书 在豆瓣中查询图书


正题名:生命科学基础教程     索取号:Q1/JY1         预约/预借

序号 登录号 条形码 馆藏地/架位号 状态 备注
1 7848772   278487727   学院路分馆/ [索取号:Q1/JY1] 在馆    
唐山师范学院图书馆 欢迎您!
大连网信软件有限公司© 版权所有